header

The postmodern bank safety net (Record no. 11920)

MARC details
000 -LEADER
fixed length control field 01309nam a2200325 a 4500
082 04 - DEWEY DECIMAL CLASSIFICATION NUMBER
Classification number 332.1/0973
100 1# - MAIN ENTRY--AUTHOR NAME
Personal name Calomiris, Charles W.
245 14 - TITLE STATEMENT
Title The postmodern bank safety net
260 ## - PUBLICATION, DISTRIBUTION, ETC. (IMPRINT)
Place of publication Washington, D.C. :
Name of publisher AEI Press,
Year of publication 1997.
300 ## - PHYSICAL DESCRIPTION
Number of Pages viii, 45 p.
490 1# - SERIES STATEMENT
Series statement AEI studies on financial market deregulation
650 #0 - SUBJECT ADDED ENTRY--TOPICAL TERM
Topical Term Deposit insurance.
Topical Term Banks and banking
856 40 - ELECTRONIC LOCATION AND ACCESS
Uniform Resource Identifier http://site.ebrary.com/lib/rucke/Doc?id=10018142

No items available.

© 2026 Rongo University
Contact us: librarian | system librarian | Rongo university